000 00491nam a2200181Ia 4500
003 GCL
008 140319s9999 xx 000 0 eng d
040 _aGCL /
_cGCL
082 0 4 _a746.39
_bA A
100 1 _aADLER, PETER
245 1 0 _aAFRICAN MAJESITY: THE TEXTILE ART OF THE ASHANTI AND EWE /
_cADLER, PETER
700 1 _aBARNARD, NICHOLAS
260 _a[S.N] :
_bTHAMES AND HUDSON ،
_c1992
300 _a192
650 0 4 _aAFRICAN TEXTILE
650 0 4 _aTEXTILE ART
942 _2ddc
_cBK
999 _c25244
_d25244